Business Mathematics:II Sem B.com (Record no. 221861)
[ view plain ]
| 000 -LEADER | |
|---|---|
| fixed length control field | 00562nam a22001937a 4500 |
| 005 - DATE AND TIME OF LATEST TRANSACTION | |
| control field | 20220314114953.0 |
| 008 - FIXED-LENGTH DATA ELEMENTS--GENERAL INFORMATION | |
| fixed length control field | 220314b ||||| |||| 00| 0 eng d |
| 040 ## - CATALOGING SOURCE | |
| Transcribing agency | AL |
| 041 ## - LANGUAGE CODE | |
| Language code of text/sound track or separate title | English |
| 082 ## - DEWEY DECIMAL CLASSIFICATION NUMBER | |
| Edition number | 23 |
| Classification number | 510.2465 |
| Item number | KUMB |
| 100 ## - MAIN ENTRY--PERSONAL NAME | |
| Personal name | Inder Kumar |
| 100 ## - MAIN ENTRY--PERSONAL NAME | |
| 9 (RLIN) | 23589 |
| 245 ## - TITLE STATEMENT | |
| Title | Business Mathematics:II Sem B.com |
| 260 ## - PUBLICATION, DISTRIBUTION, ETC. | |
| Place of publication, distribution, etc. | Ludhiana |
| Name of publisher, distributor, etc. | Kalyani Publishers |
| Date of publication, distribution, etc. | 2022 |
| 300 ## - PHYSICAL DESCRIPTION | |
| Extent | 236 p. |
| Other physical details | PB |
| Dimensions | 24x16 cm. |
| 365 ## - TRADE PRICE | |
| Price type code | 6351 |
| Price amount | ₹156.00 |
| Currency code | ₹ |
| Unit of pricing | ₹195.00 |
| Price note | 20% |
| Price effective from | 10-03-2022 |
| 650 ## - SUBJECT ADDED ENTRY--TOPICAL TERM | |
| Topical term or geographic name entry element | Business Mathematics |
| 9 (RLIN) | 23577 |
| 700 ## - ADDED ENTRY--PERSONAL NAME | |
| Personal name | KUMAR (Inder) |
| 9 (RLIN) | 23578 |
| 942 ## - ADDED ENTRY ELEMENTS (KOHA) | |
| Source of classification or shelving scheme | Dewey Decimal Classification |
| Koha item type | Book |
| Withdrawn status | Lost status | Source of classification or shelving scheme | Damaged status | Not for loan | Collection code | Home library | Current library | Date acquired | Source of acquisition | Cost, normal purchase price | Total Checkouts | Full call number | Barcode | Date last seen | Date last checked out | Cost, replacement price | Price effective from | Koha item type |
|---|---|---|---|---|---|---|---|---|---|---|---|---|---|---|---|---|---|---|
| Dewey Decimal Classification | Commerce | St Aloysius Library | St Aloysius Library | 03/12/2022 | Biblios Book Point | 156.00 | 4 | 510.2465 KUMB | 075660 | 05/27/2024 | 05/04/2024 | 195.00 | 03/14/2022 | Book | ||||
| Dewey Decimal Classification | Commerce | St Aloysius Library | St Aloysius Library | 03/12/2022 | Biblios Book Point | 156.00 | 1 | 510.2465 KUMB | 075661 | 07/21/2023 | 03/17/2022 | 195.00 | 03/14/2022 | Book | ||||
| Dewey Decimal Classification | Commerce | St Aloysius Library | St Aloysius Library | 03/12/2022 | Biblios Book Point | 156.00 | 4 | 510.2465 KUMB | 075662 | 06/05/2023 | 05/11/2023 | 195.00 | 03/14/2022 | Book |